000 00638nam a2200205 i 4500
001 134668
003 ES-MaACL
005 20230906194724.0
007 t|
008 070912s1950 ag ||||1| spa d
100 1 _aVeïdle, Vladimir Vasil'evich.
_9113657
245 1 0 _aRusia ausente y presente /
_cWladimir Weidlé ; [traducción de María Raquel Bengolea].
260 _aBuenos Aires :
_bEmecé,
_c[1950]
300 _a209 p. ;
_c19 cm.
490 1 _aGrandes ensayistas
700 1 _aBengolea, María Raquel.
_927576
830 0 _aGrandes ensayistas
_9181376
852 _aES-MaACL
_jD-6189
_bR.31053
999 _c134668
_d134668